5HLuxD.jpg

KING HENRY VIII SENIOR AND PRIMARY SCHOOL LIBRARY OPAC

All the bright places / (Record no. 1000)

000 -LEADER
fixed length control field 00916pam a2200325 i 4500
001 - CONTROL NUMBER
control field 016938687
003 - CONTROL NUMBER IDENTIFIER
control field Uk
005 - DATE AND TIME OF LATEST TRANSACTION
control field 20200312121932.0
008 - FIXED-LENGTH DATA ELEMENTS--GENERAL INFORMATION
fixed length control field 140804s2015 enk j b 000 1 eng d
015 ## - NATIONAL BIBLIOGRAPHY NUMBER
National bibliography number GBB4C5579
Source bnb
016 7# - NATIONAL BIBLIOGRAPHIC AGENCY CONTROL NUMBER
Record control number 016938687
Source Uk
020 ## - INTERNATIONAL STANDARD BOOK NUMBER
International Standard Book Number 9780141357034 (paperback) :
040 ## - CATALOGING SOURCE
Original cataloging agency StDuBDS
Language of cataloging eng
Transcribing agency StDuBDS
Modifying agency Uk
Description conventions rda
042 ## - AUTHENTICATION CODE
Authentication code ukblcatcopy
082 04 - DEWEY DECIMAL CLASSIFICATION NUMBER
Classification number FIC NIV
Edition number 23
100 1# - MAIN ENTRY--PERSONAL NAME
Personal name Niven, Jennifer,
Relator term author.
245 10 - TITLE STATEMENT
Title All the bright places /
Statement of responsibility, etc. Jennifer Niven.
264 #1 - PRODUCTION, PUBLICATION, DISTRIBUTION, MANUFACTURE, AND COPYRIGHT NOTICE
Place of production, publication, distribution, manufacture London :
Name of producer, publisher, distributor, manufacturer Penguin Books,
Date of production, publication, distribution, manufacture, or copyright notice 2015.
300 ## - PHYSICAL DESCRIPTION
Extent 388 pages ;
Dimensions 20 cm
336 ## - CONTENT TYPE
Content type term text
Source rdacontent
337 ## - MEDIA TYPE
Media type term unmediated
Source rdamedia
338 ## - CARRIER TYPE
Carrier type term volume
Source rdacarrier
500 ## - GENERAL NOTE
General note Formerly CIP.
Institution to which field applies Uk
504 ## - BIBLIOGRAPHY, ETC. NOTE
Bibliography, etc. note Includes bibliographical references.
530 ## - ADDITIONAL PHYSICAL FORM AVAILABLE NOTE
Additional physical form available note Also issued online.
651 #0 - SUBJECT ADDED ENTRY--GEOGRAPHIC NAME
Geographic name Indiana
Form subdivision Fiction.
655 #0 - INDEX TERM--GENRE/FORM
Genre/form data or focus term Love stories.
655 #0 - INDEX TERM--GENRE/FORM
Genre/form data or focus term Young adult fiction.
942 ## - ADDED ENTRY ELEMENTS (KOHA)
Source of classification or shelving scheme
Koha item type Books - Fiction
Holdings
Withdrawn status Lost status Source of classification or shelving scheme Damaged status Not for loan Collection code Permanent Location Current Location Shelving location Date acquired Total Checkouts Full call number Barcode Date due Date last seen Date last checked out Price effective from Koha item type
          Fiction KH8 Senior School Library KH8 Senior School Library Fiction 2020-03-12 2 FIC NIV 3KHSL000101743 2020-10-27 2020-10-13 2020-10-13 2020-03-12 Books - Fiction

Powered By KH8 IT Dept